=LDR 00000nam 2200000 4500 =001 INLIS000000000034009 =005 20200225023732 =035 ##$$a 0010-061300000034009 =008 200225################g##########0#ind## =041 ##$$a ind =082 ##$$a 170 =090 ##$$a 170, Sug l =100 ##$$a Sugiarto, Ryan =245 1#$$a Lima puluh lima kebiasaan kecil yang menghancurkan bangsa /$c Ryan Sugiarto; Editor, Aditya =260 ##$$a Yogyakarta :$b Pinus Book Publiher,$c 2009 =300 ##$$a 155 hlm, ; $c 21 x 14 cm. =650 #4$$a Etika =850 ##$$a NBPNMAT =020 ##$$a 978-979-18676-4-1 =084 ##$$a 170 SUG l =250 ##$$a Cet. 1 =700 #$$a Aditya =990 ##$$a 21006183 =990 ##$$a 21006184 =990 ##$$a 21006185